Teatro [ (Record no. 189925)
[ view plain ]
| 000 -LEADER | |
|---|---|
| campo de control de longitud fija | 01368nkm a2200289 i 4500 |
| 001 - NÚMERO DE CONTROL | |
| campo de control | 189925 |
| 003 - IDENTIFICADOR DE NÚMERO DE CONTROL | |
| campo de control | ES-MaACL |
| 005 - FECHA Y HORA DE LA ÚLTIMA TRANSACCIÓN | |
| campo de control | 20250925162034.0 |
| 008 - DATOS DE LONGITUD FIJA--INFORMACIÓN GENERAL | |
| campo de control de longitud fija | 200102s1996 sp --- |00 ||spa d |
| 245 00 - MENCIÓN DEL TÍTULO | |
| Título | Teatro [ |
| Medio | Material gráfico] |
| Resto del título | : [5 serigrafías] / |
| Mención de responsabilidad, etc. | Petra Portillo, Luis Ledo, Antonio Ruiz, Victoria Guill, J.C. Núñez Crespo ; textos, Antonio Ruiz Ayuso. |
| 250 ## - MENCION DE EDICION | |
| Mención de edición | Ed. supervisada y numerada por el grupo. |
| 260 ## - PUBLICACIÓN, DISTRIBUCIÓN, ETC. | |
| Lugar de publicación, distribución, etc. | [Mérida, Extremadura : |
| Nombre del editor, distribuidor, etc. | Los autores], |
| Fecha de publicación, distribución, etc. | 1996. |
| 300 ## - DESCRIPCIÓN FÍSICA | |
| Extensión | 1 carpeta ([12] h.) : |
| Otras características físicas | 5 serigrafías col. ; |
| Dimensiones | 50 x 36 cm. |
| 505 8# - NOTA DE CONTENIDO CON FORMATO | |
| Nota de contenido con formato | Contiene: Carpeta nº P/A ; |
| Título | Serigrafía 1ª / |
| Mención de responsabilidad | Petra Portillo. -- |
| Título | Serigrafía 2ª / |
| Mención de responsabilidad | Luis Ledo. -- |
| Título | Serigrafía 3ª / |
| Mención de responsabilidad | Antonio Ruiz. -- |
| Título | Serigrafía 4ª / |
| Mención de responsabilidad | Victoria Guill. -- |
| Título | Serigrafía 5ª / |
| Mención de responsabilidad | J.C. Núñez Crespo. -- |
| Título | Textos / |
| Mención de responsabilidad | Antonio Ruiz Ayuso |
| 594 ## - Nota al título y mención de responsabilidad | |
| Nota al título y mención de responsabilidad | Datos tomados de colofón. |
| 597 ## - NOTA DE DESCRIPCIÓN FÍSICA | |
| NOTA DE DESCRIPCIÓN FÍSICA | Serigrafías firmadas y numeradas por sus autores. |
| 597 ## - NOTA DE DESCRIPCIÓN FÍSICA | |
| NOTA DE DESCRIPCIÓN FÍSICA | Serigrafías imp. sobre papel de la casa Guarro. |
| 700 1# - ENTRADA AGREGADA--NOMBRE PERSONAL | |
| Nombre de persona | Portillo, Petra. |
| 9 (RLIN) | 169328 |
| 700 1# - ENTRADA AGREGADA--NOMBRE PERSONAL | |
| Nombre de persona | Ledo, Luis, |
| Fechas asociadas al nombre | 1945- |
| 9 (RLIN) | 169329 |
| 700 1# - ENTRADA AGREGADA--NOMBRE PERSONAL | |
| Nombre de persona | Ruiz, Antonio, |
| Fechas asociadas al nombre | 1956- |
| 9 (RLIN) | 169330 |
| 700 1# - ENTRADA AGREGADA--NOMBRE PERSONAL | |
| Nombre de persona | Guill, Victoria. |
| 9 (RLIN) | 169331 |
| 700 1# - ENTRADA AGREGADA--NOMBRE PERSONAL | |
| Nombre de persona | Núñez Crespo, J.C. |
| 9 (RLIN) | 169332 |
| 700 1# - ENTRADA AGREGADA--NOMBRE PERSONAL | |
| Nombre de persona | Ruiz Ayuso, Antonio. |
| 9 (RLIN) | 169333 |
| 852 ## - LOCALIZACIÓN | |
| Ubicación | ES-MaACL |
| Número de control de estantería | GF-104 |
| 942 ## - ELEMENTOS DE ENTRADA SECUNDARIOS (KOHA) | |
| Fuente del sistema de clasificación o colocación | Clasificación decimal universal |
| Tipo de ítem Koha | Grabado |
| Estatus retirado | Estado de pérdida | Fuente del sistema de clasificación o colocación | Estado de daño | No para préstamo | Biblioteca de origen | Biblioteca actual | Ubicación en estantería | Fecha de adquisición | Total de préstamos | Signatura topográfica completa | Código de barras | Visto por última vez | Precio de reemplazo | Tipo de ítem Koha |
|---|---|---|---|---|---|---|---|---|---|---|---|---|---|---|
| Clasificación decimal universal | Biblioteca del Ateneo de Madrid | Biblioteca del Ateneo de Madrid | Depósito 2 | 02/01/2020 | GF-104 | 1201470 | 23/02/2023 | 23/02/2023 | Grabado |
